000 00546nam a22001817a 4500
003 UA-OsUOA
001 15469
007 ta
008 20031111b un ||||| |||| 00| 0 ukr d
100 _aГрицаюк Л.
942 _cSA
040 _aUA-OsUOA
_cUA-OsUOA
_dUA-OsUOA
245 _aКраю мій милий : [Походження та історія райцентру Демидівка]
300 _aС.2
955 _a0
773 0 _w0
_tЗа відродження
_dРівне
_d2003
_g№40/3 жовт./
650 7 _aІсторія
_2UDC
999 _c301634
_d301634